000 00685nab a2200229 ab4500
005 20251126063914.0
008 991125d1970 mx fr p 000 spa d
003
035 _aUPN01000073631
040 _aMX-MxUPN
_bspa
_cMX-MxUPN
_eaacr
100 1 _aRamirez Castañeda, Rafael
245 1 3 _aLa educación de la comunidad
650 0 2 _aComunidad
_99262
653 0 _aComunidades rurales
650 0 2 _aDesarrollo comunal
_915151
650 0 4 _aMaestros
_916336
773 _gNo. 113, (1970), p. 54-58
_tMagisterio: Sindicato Nacional de Trabajadores de la Educación
_x0186-9663
902 _aLeonor Sotres/251125
904 _aAC
_b011442
905 _aArticulo
942 _cAI
999 _c66505
_d66505